000 01029nam a2200277 i 4500
001 106490
003 ES-MaACL
005 20250811101646.0
007 t|
008 061124s1975 sp ||||1| spa d
080 _a75 Infante, Jesús (083.82)
100 1 _aInfante, Jesús (
_d1926-)
_965255
245 1 0 _aJesús Infante
_b: [exposición, Sala del Prado del Ateneo de Madrid, febrero de 1975] /
_c[texto: Francisco Bergasa].
260 _aMadrid :
_bAteneo de Madrid,
_c1975.
300 _a[12] p. :
_bil. ;
_c26 cm.
490 1 _aAteneo de Madrid. Sala del Prado
600 1 4 _aInfante, Jesús-
_vExposiciones.
_965256
610 2 7 _aAteneo de Madrid-
_vExposiciones-
_y1970-1979.
_91921
655 7 _2tgfbne
_9193628
_aCatálogos de exposiciones
700 1 _aBergasa, Francisco.
_927937
710 2 _aAteneo de Madrid.
_bSala del Prado.
_91965
830 0 0 _aAteneo de Madrid.
_pSala del Prado
_9185209
852 _aES-MaACL
_j2209-F-4 .
_9110525
_bR.138251
_cDEPOF
942 _2udc
_cFOLLETOS
999 _c106490
_d106490